[Event "29th ch-BAN"]
[Site "Dhaka BAN"]
[Date "2003.04.08"]
[Round "13"]
[White "Abdulla,Al"]
[Black "Alam,MdM"]
[Result "1-0"]
[WhiteElo "2405"]
[BlackElo "2133"]
[EventDate "2003.03.28"]

1. d4 d5 2. c4 e6 3. Nf3 c6 4. e3 Nf6 5. Nbd2 Be7 6. b3 Nbd7 7. Bb2 O-O 8.
Bd3 h6 9. O-O Re8 10. Qe2 b6 11. Rad1 Bb7 12. cxd5 cxd5 13. Ne5 Nxe5 14.
dxe5 Nd7 15. f4 f5 16. exf6 Bxf6 17. Bd4 e5 18. fxe5 Bxe5 19. Qg4 Bxd4 20.
exd4 Nf6 21. Qg6 Re6 22. Nf3 Qe8 23. Ne5 Qxg6 24. Bxg6 Re7 25. Rc1 Ba6 26.
Rf2 Bb5 27. Rfc2 Rf8 28. Rc8 Be8 29. Rd8 Bd7 30. Rxf8+ Kxf8 31. h3 Be6 32.
Rc6 Ne8 33. Bd3 Bf7 34. Bg6 Be6 35. g4 Nc7 36. Rd6 Ne8 37. Rd8 Bg8 38. Nd7+
1-0

[Event "29th ch-BAN"]
[Site "Dhaka BAN"]
[Date "2003.04.08"]
[Round "13"]
[White "Haque,R"]
[Black "Reefat,S"]
[Result "0-1"]
[WhiteElo "2148"]
[BlackElo "2451"]
[EventDate "2003.03.28"]

1. e4 e6 2. d3 c5 3. Nf3 Nc6 4. Be2 d5 5. Nbd2 Nf6 6. c3 Be7 7. O-O O-O 8.
Re1 b5 9. Bf1 Rb8 10. g3 h6 11. e5 Ne8 12. h4 f6 13. Bh3 fxe5 14. Nxe5 Nxe5
15. Rxe5 Bd6 16. Bxe6+ Kh8 17. Re2 Bxe6 18. Rxe6 Qd7 19. Re3 Nf6 20. f4 Qf5
21. Nf1 d4 22. cxd4 cxd4 23. Rf3 Rbe8 24. Bd2 Re6 25. Nh2 Rfe8 26. Qf1 Re2
27. Rf2 Qxd3 28. Rd1 Qxg3+ 29. Rg2 Rxg2+ 30. Qxg2 Qxg2+ 31. Kxg2 Re2+ 32.
Kg1 Ne4 33. Be1 Bc5 0-1

[Event "29th ch-BAN"]
[Site "Dhaka BAN"]
[Date "2003.04.08"]
[Round "13"]
[White "Murshed,N"]
[Black "Rahman,Tai"]
[Result "1-0"]
[WhiteElo "2435"]
[BlackElo "2300"]
[EventDate "2003.03.28"]

1. Nf3 Nf6 2. c4 e6 3. b3 c5 4. Bb2 Be7 5. e3 O-O 6. Be2 d5 7. O-O Nc6 8.
d4 b6 9. cxd5 Nxd5 10. dxc5 Bxc5 11. Nbd2 Bb7 12. Ne4 Be7 13. Qb1 h6 14. a3
Rc8 15. Rd1 Qc7 16. b4 a6 17. Qa2 Rfd8 18. Rac1 Qb8 19. Bc4 Na7 20. Ng3 b5
21. Bb3 Rxc1 22. Rxc1 Nc8 23. Nh5 g6 24. Be5 Bd6 25. Bxd5 Bxd5 26. Nf6+ Kf8
27. Bxd6+ Qxd6 28. Nxd5 exd5 29. Qb2 Kg8 30. Ne5 Ne7 31. Nf3 Rc8 32. Rd1
Rc4 33. h3 Nf5 34. g4 Ne7 35. Nd2 Rc8 36. Ne4 Qe6 37. Nc5 Qc6 38. Qe5 Re8
39. e4 f6 40. exd5 fxe5 41. dxc6 Nxc6 42. Rd6 Nd4 43. Rxg6+ Kh7 44. Rxa6 e4
45. Nd7 Kg7 46. Nf6 Re5 47. Nh5+ Kh7 48. Ra7+ Kg8 49. Nf6+ 1-0

[Event "29th ch-BAN"]
[Site "Dhaka BAN"]
[Date "2003.04.08"]
[Round "13"]
[White "Hasan,M"]
[Black "Islam,Kh"]
[Result "1/2-1/2"]
[WhiteElo "2211"]
[BlackElo "2271"]
[EventDate "2003.03.28"]

1. e4 e5 2. Nf3 Nc6 3. Bb5 Nf6 4. O-O Nxe4 5. Re1 Nd6 6. Nxe5 Be7 7. Bf1
Nxe5 8. Rxe5 O-O 9. d4 Bf6 10. Re1 Nf5 11. c3 d5 12. Bd3 Nh4 13. Nd2 Be6
14. Nf1 Qd7 15. Ng3 g6 16. Bf4 Rfe8 17. Qd2 Bg7 18. Bh6 f6 19. Bxg7 Qxg7
20. Qf4 g5 21. Qd2 Bh3 22. Bf1 Bd7 23. Bd3 Bh3 24. Bf1 Bd7 25. Qc2 Qf7 26.
c4 c6 27. cxd5 cxd5 28. Qd2 Rxe1 29. Rxe1 Re8 30. Rc1 Bc6 31. Bd3 Qe7 32.
b4 a6 33. Bxa6 bxa6 34. Rxc6 Qe1+ 35. Qxe1 Rxe1+ 36. Nf1 Nf5 37. Rxa6 Nxd4
38. f3 Rb1 39. Rxf6 Kg7 40. Rd6 Nc2 41. Kf2 Rxb4 42. Nd2 d4 43. Ke2 Ra4 44.
Kd3 Rxa2 45. Ne4 h6 46. Ng3 Ne1+ 47. Kxd4 Rd2+ 48. Ke4 Rxd6 49. Nf5+ Kg6
50. Nxd6 Nxg2 51. Nf5 Nf4 52. h4 Ng2 53. hxg5 hxg5 54. Ne7+ Kh5 55. Nf5 Nh4
56. Ng3+ Kg6 57. Nh1 Nf5 58. Nf2 Ng3+ 59. Ke5 Ne2 60. Nh3 Nc1 61. Nxg5 Kxg5
62. f4+ Kg6 63. Ke6 Kg7 64. Ke7 Kg6 65. Ke6 Kg7 66. Ke7 Kg6 1/2-1/2